Spanish vocab week 39 - Statistics

General Stats
  • This quiz has been taken 8 times
  • The average score is 14 of 70
Answer Stats
Hint Answer % Correct
native nativo
100%
to advise aconsejar
75%
isolated aislado
75%
to assimilate asimilar
75%
clandestine clandestino
75%
to derive derivar
75%
to focus on enfocar
75%
to persist persistir
75%
customs aduana
50%
failure el fracaso
50%
sacrifice el sacrificio
50%
autonomy la autonomía
50%
to complain quejarse
50%
relegated relegado
50%
to put up with aguantar
25%
from Alicante alicantino
25%
deep rooted arraigado
25%
accommodation el alojamiento
25%
settlement el asentamiento
25%
crime el delito
25%
birth el nacimiento
25%
to make an effort esforzarse
25%
to stigmatise estigmatizar
25%
to finish finalizar
25%
to guarantee garantizar
25%
unjustifiable injustificable
25%
threat la amenaza
25%
demography la demografía
25%
multiculturism la multiculturalidad
25%
population la población
25%
location la ubicación
25%
to come from proceder de
25%
segregated segregado
25%
overwhelming abrumador
0%
welcoming acogedor
0%
unfavourable adverso
0%
throughout a lo largo de
0%
peaceful apacible
0%
to aspire to aspirar a
0%
to cross atravesar
0%
native autóctono
0%
counter productive contraproducente
0%
ceasefire el alto el fuego
0%
culture shock el choque cultural
0%
marital status el estado civil
0%
success el logro
0%
landscape el paisaje
0%
requirement el requisito
0%
lacking escaso
0%
to educate escolarizar
0%
excommunicate excomulgar
0%
foreign foráneo
0%
piled up hacinado
0%
suitable idóneo
0%
to prevent impedir
0%
to settle in instalarse
0%
contribution la aportación
0%
social stratum la capa social
0%
shack la chabola
0%
junk/ scrap metal la chatarra
0%
failure la deficiencia
0%
death la defunción
0%
guideline la directriz
0%
embassy la embajada
0%
forge la forja
0%
substandard housing la infravivienda
0%
obligatory nature la obligatoriedad
0%
proposal la propuesta
0%
street trading la venta ambulante
0%
to reside residir
0%
No matching quizzes found
Score Distribution
Percent of People with Each Score
Percentile by Number Answered
Your Score History
You have not taken this quiz